00841nam a2200145Ia 4500008004100000020001800041100008300059245020700142260002700349650000800376650015700384856004500541999001900586952009000605171212s9999 xx 000 0 und d a9780833078667 aDavis, Robert C.;Anderson, James M.;Howley, Susan;Dorris, Carol;Whitman, Julie cDavis, Robert C.;Anderson, James M.;Howley, Susan;Dorris, Carol;Whitman, JulieaNo More Rights Without RemediesbAn Impact Evaluation of the National Crime Victim Law Institute's Victims' Rights Clinics bRAND Corporationc2012 aLaw aVictims of crimes -- Legal status, laws, etc. -- United States; Criminal justice, Administration of -- United States; Privacy, Right of -- United States uwww.jstor.org/stable/10.7249/j.ctt3fh28v c352366d352366 001040aCLbCLd2017-12-12l0oKF9763.D38 2012r2017-12-12 00:00:00w2017-12-12yCBE